| 000 | 01928nam0a2200397 4500 | ||
|---|---|---|---|
| 001 | RU\NLR\bibl\1112181 | ||
| 005 | 20260405073819.0 | ||
| 010 |
_a978-5-9626-0385-8 _93000 |
||
| 021 |
_aRU _b2007-40446 _92169 |
||
| 035 | _a(nilc)RSL-KNO-003137657 | ||
| 035 | _aEL/0000117296 | ||
| 035 | _a(NLR Aleph) 001099212 | ||
| 090 |
_a1167451 _c1167451 |
||
| 100 | _a20070410d2007 |||y0rusy50 ca | ||
| 101 | 0 | _arus | |
| 102 | _aRU | ||
| 105 | _aa zzzz||||| | ||
| 200 | 1 |
_aАнализ и оценка банковской деятельности _eна основе отчетности, составляемой по российским и международным стандартам _fГалина Щербакова |
|
| 210 |
_aМосква _aСанкт-Петербург _cВершина _d2007 |
||
| 215 |
_a462 с. _cил., табл. _d24 |
||
| 320 | _aБиблиогр.: с. 426-428 | ||
| 606 | 1 |
_aБанковская деятельность _yРоссийская Федерация _92221791 _3RU\NLR\auth\661334063 |
|
| 606 | 1 |
_aКоммерческие банки _xАнализ хозяйственной деятельности _92114101 _3RU\NLR\auth\661277349 |
|
| 610 | 0 | _aЭкономика -- Экономический анализ -- Российская Федерация -- Финансы -- Кредитные учреждения -- Банки | |
| 610 | 0 | _aмеждународные стандарты финансовой отчетности (МСФО) | |
| 686 |
_aУ053.9(2)262.10,0 _2rubbk |
||
| 686 | _aУ26(2)210 | ||
| 686 | _aУ26(2)283 | ||
| 700 | 1 |
_4070 _8rus _7ca _aЩербакова _bГ.Н. _cканд. экон. наук _gГалина Николаевна _3RU\NLR\auth\7725839 _98884 |
|
| 801 | 0 |
_aRU _bNLR _c20070410 _grcr |
|
| 801 | 1 |
_aRU _bNLR _c20070410 |
|
| 801 | 1 |
_aRU _bРГБ _c20070410 |
|
| 801 | 2 |
_aRU _bNLR _c20070724 _grcr |
|
| 942 | _cBOOK | ||
| 980 | _aNB | ||